[Event "13. Lichtenberger Sommer"]
[Site "?"]
[Date "2014.08.16"]
[Round "1.107"]
[White "Möller, Dustin"]
[Black "Eichstädt, Torsten"]
[Result "1-0"]
[WhiteElo "1819"]
[BlackElo "967"]
[PlyCount "37"]
[EventDate "2014.??.??"]
[WhiteTeam "Eckernförder SC von 1921"]
[BlackTeam "SC Friesen Lichtenberg e.V."]

1. b3 Nf6 2. Bb2 g6 3. c4 Bg7 4. g3 O-O 5. Bg2 c6 6. Nf3 d5 7. O-O dxc4 8. bxc4
Qb6 9. Qc2 Bf5 10. d3 Nbd7 11. e4 Bg4 12. e5 Nh5 13. Re1 Nc5 14. d4 Bf5 15.
dxc5 Qxc5 16. Qb3 Rab8 17. Ba3 Qa5 18. Bxe7 Rfe8 19. Bb4 1-0

[Event "13. Lichtenberger Sommer"]
[Site "?"]
[Date "2014.08.16"]
[Round "1.108"]
[White "Kossuewa, Fatima"]
[Black "Rollwitz, Jürgen"]
[Result "0-1"]
[WhiteElo "797"]
[BlackElo "1987"]
[PlyCount "48"]
[EventDate "2014.??.??"]
[WhiteTeam "SC Friesen Lichtenberg e.V."]
[BlackTeam "SC Rochade e.V."]

1. e4 e5 2. Nf3 d6 3. d4 exd4 4. Nxd4 Nf6 5. Nc3 Be7 6. Be2 O-O 7. O-O c6 8.
Nf3 Nbd7 9. Bf4 Qc7 10. Bc4 Ne5 11. Nxe5 dxe5 12. Be3 Ng4 13. Qf3 Nf6 14. Ne2
b5 15. Bb3 Bg4 16. Qg3 Bxe2 17. Rfe1 Bc4 18. Bh6 Ne8 19. Re3 Kh8 20. Qh3 gxh6
21. Qxh6 Rg8 22. Rc3 Qd6 23. Rh3 Qxh6 24. Rxh6 Rg6 0-1

[Event "13. Lichtenberger Sommer"]
[Site "?"]
[Date "2014.08.16"]
[Round "1.109"]
[White "Lischeid, Kilian"]
[Black "Kossuewa, Aminat"]
[Result "1-0"]
[WhiteElo "1642"]
[BlackElo "785"]
[PlyCount "47"]
[EventDate "2014.??.??"]
[WhiteTeam "Schachunion Berlin e.V."]
[BlackTeam "SC Friesen Lichtenberg e.V."]

1. c4 e5 2. Nc3 Nc6 3. Nf3 Bc5 4. g3 Nf6 5. Bg2 O-O 6. d3 d6 7. O-O Be6 8. a3
h6 9. b4 Bb6 10. Rb1 Qc8 11. Bd2 Nd4 12. e3 Nxf3+ 13. Bxf3 Bg4 14. Nd5 Kh8 15.
Nxf6 Bxf3 16. Qxf3 gxf6 17. Qxf6+ Kh7 18. d4 e4 19. c5 Bxc5 20. bxc5 d5 21. f3
Qe6 22. fxe4 Qxf6 23. Rxf6 c6 24. Rxb7 1-0

[Event "13. Lichtenberger Sommer"]
[Site "?"]
[Date "2014.08.16"]
[Round "1.110"]
[White "Gazaev, Ansor"]
[Black "Schubert, Joachim"]
[Result "0-1"]
[WhiteElo "700"]
[BlackElo "1848"]
[PlyCount "56"]
[EventDate "2014.??.??"]
[WhiteTeam "SC Friesen Lichtenberg e.V."]
[BlackTeam "SC Friesen Lichtenberg e.V."]

1. e4 c5 2. Bc4 e6 3. Nf3 Nc6 4. c3 d6 5. d3 Be7 6. Be3 Nf6 7. Nbd2 O-O 8. O-O
Rb8 9. b3 b5 10. Rb1 bxc4 11. bxc4 Qa5 12. Qc2 Bd7 13. d4 cxd4 14. Nxd4 Ne5 15.
f3 Rfc8 16. Rxb8 Rxb8 17. Bf4 Qc5 18. Kh1 Nxc4 19. Nxc4 Qxc4 20. Rd1 e5 21. Nf5
Bxf5 22. exf5 Qxf4 23. h3 Nh5 24. Rb1 Rxb1+ 25. Qxb1 Ng3+ 26. Kh2 Nxf5+ 27. Kg1
Qe3+ 28. Kf1 Ng3# 0-1

[Event "13. Lichtenberger Sommer"]
[Site "?"]
[Date "2014.08.17"]
[Round "2.1"]
[White "Kapr, Klaus"]
[Black "Stern, Rene"]
[Result "0-1"]
[WhiteElo "2069"]
[BlackElo "2542"]
[PlyCount "54"]
[EventDate "2014.??.??"]
[WhiteTeam "SC Friesen Lichtenberg e.V."]
[BlackTeam "SK König Tegel 1949 e.V."]

1. e4 e5 2. Nf3 Nc6 3. Bb5 a6 4. Ba4 Nf6 5. O-O Be7 6. Bxc6 dxc6 7. d3 Nd7 8.
Nbd2 f6 9. Nc4 Nf8 10. Nh4 g6 11. f4 exf4 12. Bxf4 Be6 13. Nf3 Bxc4 14. dxc4
Qxd1 15. Raxd1 Ne6 16. Bh6 g5 17. h4 Rg8 18. hxg5 fxg5 19. Ne5 Rd8 20. Rxd8+
Nxd8 21. Rf5 c5 22. c3 Ne6 23. Kf2 Bd6 24. Nf3 Bf4 25. g3 Bc1 26. Re5 Ke7 27.
g4 Bf4 0-1

[Event "13. Lichtenberger Sommer"]
[Site "?"]
[Date "2014.08.17"]
[Round "2.2"]
[White "Braun, Arik"]
[Black "Kupfer, Michael"]
[Result "1-0"]
[WhiteElo "2544"]
[BlackElo "2059"]
[PlyCount "57"]
[EventDate "2014.??.??"]
[WhiteTeam "SC Eppingen"]
[BlackTeam "SC Friesen Lichtenberg e.V."]

1. c4 e6 2. d4 d5 3. Nc3 c5 4. cxd5 exd5 5. Nf3 Nc6 6. g3 Nf6 7. Bg2 Be7 8. O-O
O-O 9. dxc5 Bxc5 10. Bg5 d4 11. Ne4 Be7 12. Bxf6 Bxf6 13. Rc1 Re8 14. Nc5 Qb6
15. Qd2 Bg4 16. h3 Bxf3 17. Bxf3 Rac8 18. Bg4 Rcd8 19. Nd7 Qa6 20. Nxf6+ gxf6
21. Qh6 Ne5 22. Bf5 Ng6 23. Rc7 Qxa2 24. Bd3 b5 25. Bxb5 Qa5 26. Rxf7 Kxf7 27.
Qxh7+ Ke6 28. Bxe8 Ne5 29. Bg6 1-0

[Event "13. Lichtenberger Sommer"]
[Site "?"]
[Date "2014.08.17"]
[Round "2.3"]
[White "Issel, Oliver"]
[Black "Kurayan, Ruslan"]
[Result "0-1"]
[WhiteElo "2071"]
[BlackElo "2398"]
[PlyCount "90"]
[EventDate "2014.??.??"]
[BlackTeam "Gouverment Chersonsk"]

1. g3 Nf6 2. Bg2 g6 3. c4 Bg7 4. Nc3 O-O 5. e4 c5 6. Nge2 Nc6 7. O-O Ne8 8. a3
a6 9. Rb1 b5 10. cxb5 axb5 11. b4 cxb4 12. axb4 Nc7 13. d4 d6 14. Be3 Bg4 15.
Qd2 Bxe2 16. Nxe2 d5 17. Rfc1 Ra6 18. e5 Qd7 19. Nf4 Rb8 20. Nd3 Qe8 21. Nc5
Ra7 22. Rc2 e6 23. Rbc1 Ne7 24. f4 Na8 25. Ra2 Rxa2 26. Qxa2 Nb6 27. Ra1 Ra8
28. Qb1 Nc4 29. Bf2 Nc6 30. Bf1 Bf8 31. Rxa8 Qxa8 32. Nd7 Bxb4 33. Bxc4 dxc4
34. Qe4 c3 35. Nf6+ Kg7 36. f5 exf5 37. Qh4 h5 38. Qg5 c2 39. Be3 Qh8 40. Nd7
Be7 41. Qf4 Nb4 42. Bd2 Nd3 43. Qe3 Qc8 44. Qxd3 Qxd7 45. d5 Qc7 0-1

[Event "13. Lichtenberger Sommer"]
[Site "?"]
[Date "2014.08.17"]
[Round "2.4"]
[White "Kornrumpf, Joachim"]
[Black "Moreno Tejera, Emilio"]
[Result "0-1"]
[WhiteElo "2061"]
[BlackElo "2435"]
[PlyCount "46"]
[EventDate "2014.??.??"]
[WhiteTeam "Preetzer TSV"]
[BlackTeam "Sfrd. Berlin 1903 e.V."]

1. b3 e5 2. Bb2 Nc6 3. e3 Nf6 4. c4 d5 5. cxd5 Nxd5 6. d3 g5 7. a3 Be6 8. Nd2
Qd7 9. Ngf3 f6 10. Ne4 g4 11. Nfd2 f5 12. Nc3 Nb6 13. Qc2 h5 14. Be2 O-O-O 15.
Nc4 Bh6 16. O-O-O Nd4 17. Qb1 Qc6 18. Qa2 Qxg2 19. Kb1 Nxe2 20. Nxe2 Rxd3 21.
Bxe5 Bxc4 22. bxc4 Rxd1+ 23. Rxd1 Qe4+ 0-1

[Event "13. Lichtenberger Sommer"]
[Site "?"]
[Date "2014.08.17"]
[Round "2.5"]
[White "Schild, Christoph"]
[Black "Schulz, Wolfgang"]
[Result "1-0"]
[WhiteElo "2390"]
[BlackElo "2074"]
[PlyCount "79"]
[EventDate "2014.??.??"]
[WhiteTeam "SK Freiburg Zähringen 1887 e.V."]
[BlackTeam "Hamburger SK von 1830 eV"]

1. c4 g6 2. g3 Bg7 3. Bg2 d6 4. Nc3 Nf6 5. Rb1 O-O 6. b4 Nbd7 7. Nf3 e5 8. O-O
Re8 9. Qc2 c6 10. b5 d5 11. bxc6 bxc6 12. cxd5 cxd5 13. Nb5 Ba6 14. d3 Nb6 15.
Be3 Rc8 16. Qd2 d4 17. Bg5 Qd7 18. Qa5 Bxb5 19. Rxb5 e4 20. Ne5 Qc7 21. Bf4
Nfd5 22. Nxg6 Qc3 23. Nh4 Nxf4 24. gxf4 exd3 25. exd3 Qxd3 26. Rg5 Kh8 27. Rxg7
Kxg7 28. Qg5+ Kf8 29. Nf5 Re2 30. Qg7+ Ke8 31. Qg8+ Kd7 32. Qxf7+ Kd8 33. Qf6+
Kd7 34. Qd6+ Ke8 35. Nxd4 Qg6 36. Qxg6+ hxg6 37. Nxe2 Rc2 38. Re1 Kf8 39. Be4
Rxa2 40. Bxg6 1-0

[Event "13. Lichtenberger Sommer"]
[Site "?"]
[Date "2014.08.17"]
[Round "2.7"]
[White "Kalinitschew, Sergey"]
[Black "Bankmann, Daniel"]
[Result "1/2-1/2"]
[WhiteElo "2409"]
[BlackElo "1931"]
[PlyCount "119"]
[EventDate "2014.??.??"]
[WhiteTeam "SC Kreuzberg e.V."]
[BlackTeam "SC 1934 Gelnhausen"]

1. d4 Nf6 2. Nf3 c5 3. d5 d6 4. Nc3 g6 5. e4 Bg7 6. Bb5+ Nbd7 7. a4 O-O 8. O-O
a6 9. Bc4 Ng4 10. a5 Rb8 11. Be2 b5 12. axb6 Qxb6 13. Nd2 Nh6 14. Nc4 Qc7 15.
Bd2 f5 16. Qc1 Nf7 17. exf5 gxf5 18. Re1 Nfe5 19. Na5 Nf6 20. f4 Ng6 21. g3 Ne4
22. Nc6 Rb6 23. Na4 Rxc6 24. Ba5 Qxa5 25. dxc6 Qc7 26. Bf3 d5 27. c3 Qxc6 28.
Qe3 e5 29. fxe5 Nxe5 30. Bg2 Ng6 31. Rf1 Bb7 32. Bxe4 fxe4 33. Nxc5 Rxf1+ 34.
Rxf1 Ne5 35. Nxb7 Qxb7 36. Qc5 Nf3+ 37. Kh1 h6 38. b4 Qd7 39. Rd1 d4 40. cxd4
Bxd4 41. Qh5 Qe6 42. b5 axb5 43. Qxb5 Kg7 44. Rc1 Ne5 45. Rc7+ Nf7 46. Qc4 Qxc4
47. Rxc4 Be5 48. Rxe4 Kf6 49. Kg2 Kf5 50. Ra4 Bf6 51. Rf4+ Kg6 52. g4 Kg5 53.
Kf3 Kg6 54. Ke4 Ng5+ 55. Kd5 Nh7 56. Rf5 Bh4 57. Ke5 Nf6 58. Kf4 h5 59. h3 hxg4
60. hxg4 1/2-1/2

[Event "13. Lichtenberger Sommer"]
[Site "?"]
[Date "2014.08.17"]
[Round "2.8"]
[White "Oswald, Michael"]
[Black "Von Herman, Ulf"]
[Result "0-1"]
[WhiteElo "2129"]
[BlackElo "2379"]
[PlyCount "48"]
[EventDate "2014.??.??"]
[WhiteTeam "1. Schachclub Anhalt"]
[BlackTeam "SK König Tegel 1949 e.V."]

1. d4 e6 2. c4 Bb4+ 3. Nd2 c5 4. e3 cxd4 5. exd4 Nf6 6. Qb3 Be7 7. Ndf3 O-O 8.
Bd3 b6 9. Ne2 Bb7 10. Bc2 d5 11. cxd5 Bxd5 12. Qe3 Nc6 13. a3 Rc8 14. Bd2 b5
15. O-O Na5 16. Bxa5 Qxa5 17. Nc3 Bxf3 18. Qxf3 b4 19. axb4 Qxb4 20. Ra2 Qxd4
21. Rd1 Qb6 22. b3 Rc7 23. Ne4 Nd5 24. Rda1 Nb4 0-1

[Event "13. Lichtenberger Sommer"]
[Site "?"]
[Date "2014.08.17"]
[Round "2.9"]
[White "Muse, Drazen"]
[Black "Pluska, Alexander"]
[Result "1-0"]
[WhiteElo "2396"]
[BlackElo "1899"]
[PlyCount "61"]
[EventDate "2014.??.??"]
[WhiteTeam "SK König Tegel 1949 e.V."]
[BlackTeam "SK Doppelbauer Kiel"]

1. d4 g6 2. e4 Bg7 3. Nc3 c5 4. d5 d6 5. Nf3 Nf6 6. Bb5+ Nbd7 7. a4 O-O 8. O-O
Qc7 9. h3 Rb8 10. Re1 a6 11. Bc4 Ne8 12. a5 b5 13. axb6 Nxb6 14. Bf1 Qd8 15.
Bg5 Nc7 16. Qd2 Nd7 17. Ra2 Nb5 18. Bh6 Qb6 19. Bxg7 Kxg7 20. Nd1 e5 21. dxe6
fxe6 22. c3 Bb7 23. Ne3 Qc7 24. Ng4 Nf6 25. Nxf6 Rxf6 26. e5 Rf5 27. exd6 Nxd6
28. Ng5 Rxg5 29. Qxg5 Ne4 30. Qe3 Bd5 31. Ra4 1-0

[Event "13. Lichtenberger Sommer"]
[Site "?"]
[Date "2014.08.17"]
[Round "2.10"]
[White "Mai, Andreas"]
[Black "Brüdigam, Martin"]
[Result "0-1"]
[WhiteElo "1998"]
[BlackElo "2342"]
[PlyCount "88"]
[EventDate "2014.??.??"]
[WhiteTeam "SC Friesen Lichtenberg e.V."]
[BlackTeam "SK König Tegel 1949 e.V."]

1. e4 e5 2. Bc4 Nf6 3. d3 Nc6 4. Ne2 d5 5. exd5 Nxd5 6. O-O Nb6 7. Bb3 Bg4 8.
Nbc3 Qd7 9. Be3 O-O-O 10. f3 Be6 11. Qe1 Kb8 12. Qf2 f5 13. f4 g6 14. Rad1 Bg7
15. Rfe1 Rhe8 16. h3 Bxb3 17. axb3 Nd4 18. Rd2 exf4 19. Bxf4 Re6 20. Nxd4 Bxd4
21. Be3 Rde8 22. Rde2 Bg7 23. Bd2 Nc8 24. Rxe6 Rxe6 25. Rxe6 Qxe6 26. Bf4 Nd6
27. Kf1 b6 28. Qe2 Qxe2+ 29. Kxe2 Kb7 30. Nd1 Nf7 31. c3 c5 32. Bd2 Kc6 33. c4
Nd8 34. Bc3 Ne6 35. Kf3 Nd4+ 36. Bxd4 cxd4 37. b4 Bh6 38. Ke2 a6 39. g3 Bf8 40.
g4 Bxb4 41. gxf5 gxf5 42. Nf2 a5 43. Nh1 Bd6 44. Kf3 Kc5 0-1

[Event "13. Lichtenberger Sommer"]
[Site "?"]
[Date "2014.08.17"]
[Round "2.11"]
[White "Glantz, Robert"]
[Black "Poseck, Steffen"]
[Result "1-0"]
[WhiteElo "2308"]
[BlackElo "2019"]
[PlyCount "103"]
[EventDate "2014.??.??"]
[WhiteTeam "SC Kreuzberg e.V."]
[BlackTeam "BSV 63 Chemie Weißensee"]

1. e4 d5 2. exd5 Qxd5 3. Nc3 Qd6 4. d4 Nf6 5. Bd3 a6 6. Nf3 Bg4 7. O-O Nc6 8.
Ne4 Nxe4 9. Bxe4 O-O-O 10. c3 f5 11. Bxc6 Qxc6 12. Ne5 Bxd1 13. Nxc6 bxc6 14.
Rxd1 c5 15. Be3 cxd4 16. Bxd4 e6 17. Be5 Rxd1+ 18. Rxd1 Rg8 19. h4 g6 20. Kf1
Bg7 21. Bxg7 Rxg7 22. Re1 Re7 23. Re5 c6 24. Ke2 Kc7 25. b4 h6 26. Ke3 g5 27.
hxg5 hxg5 28. g4 Rf7 29. f3 Kd6 30. Ra5 fxg4 31. fxg4 e5 32. Rxa6 Kd5 33. Ra5+
Kd6 34. a4 Rf4 35. Rc5 Rxg4 36. a5 Rf4 37. a6 Rf7 38. Ra5 Ra7 39. Ke4 g4 40. c4
Kd7 41. Kxe5 g3 42. Ra2 Ra8 43. c5 Ra7 44. Rg2 Rxa6 45. Rxg3 Ra4 46. Rg7+ Kc8
47. b5 cxb5 48. c6 Rh4 49. Kd6 Rh6+ 50. Kc5 b4 51. Kb6 Kd8 52. Kb7 1-0

[Event "13. Lichtenberger Sommer"]
[Site "?"]
[Date "2014.08.17"]
[Round "2.12"]
[White "Richter, Götz"]
[Black "Fuchs, Heinz"]
[Result "0-1"]
[WhiteElo "2028"]
[BlackElo "2353"]
[PlyCount "58"]
[EventDate "2014.??.??"]
[WhiteTeam "Klub Kölner Schachfreunde e.V. 1"]
[BlackTeam "SC Untergrombach 46"]

1. e4 c5 2. Nf3 e6 3. d4 cxd4 4. Nxd4 a6 5. Bd3 Nf6 6. f4 d6 7. Qf3 Be7 8. Nc3
Qc7 9. g4 Nc6 10. Nxc6 bxc6 11. Bd2 Nd7 12. g5 Rb8 13. Ne2 d5 14. O-O Bb4 15.
Be3 Bc5 16. Bxc5 Nxc5 17. b3 Qb6 18. Rf2 dxe4 19. Bxe4 Nxe4 20. Qxe4 O-O 21.
Rd1 Bb7 22. Qd4 c5 23. Qd6 Bc6 24. Qe5 Rbd8 25. Rxd8 Rxd8 26. Nc3 Bb7 27. h4
Qc6 28. Rh2 Qf3 29. h5 Qg3+ 0-1

[Event "13. Lichtenberger Sommer"]
[Site "?"]
[Date "2014.08.17"]
[Round "2.13"]
[White "Heinig, Wolfram"]
[Black "Sabrowski, Uwe"]
[Result "1-0"]
[WhiteElo "2299"]
[BlackElo "2097"]
[PlyCount "61"]
[EventDate "2014.??.??"]
[WhiteTeam "SK Zehlendorf e.V."]
[BlackTeam "SC Friesen Lichtenberg e.V."]

1. d4 f5 2. g3 d6 3. Bg2 Nf6 4. c4 g6 5. Nc3 Bg7 6. Nh3 O-O 7. d5 e5 8. dxe6 c6
9. Nf4 Na6 10. h4 Nc5 11. h5 g5 12. h6 Bh8 13. Nh3 Nxe6 14. Nxg5 Qb6 15. Nxe6
Bxe6 16. Qxd6 Bxc4 17. Qf4 Be6 18. O-O Ng4 19. Qg5+ Kf7 20. e4 Rg8 21. Qh5+ Kf8
22. Bf4 Be5 23. Bxe5 Nxe5 24. exf5 Bc4 25. f6 Ng4 26. Ne4 Bxf1 27. Rxf1 Rg6 28.
Ng5 Nxh6 29. Nxh7+ Kf7 30. Be4 Rag8 31. Re1 1-0

[Event "13. Lichtenberger Sommer"]
[Site "?"]
[Date "2014.08.17"]
[Round "2.14"]
[White "Kievelitz, Bernd"]
[Black "Vatter, Hans-Joachim"]
[Result "0-1"]
[WhiteElo "1998"]
[BlackElo "2278"]
[PlyCount "66"]
[EventDate "2014.??.??"]
[WhiteTeam "SC Zitadelle Spandau 1977 e.V."]
[BlackTeam "SC Untergrombach 46"]

1. Nf3 d5 2. d4 Nf6 3. c4 e6 4. Nc3 dxc4 5. e3 a6 6. Bxc4 b5 7. Bd3 Bb7 8. O-O
Nbd7 9. Qe2 c5 10. Rd1 Qc7 11. e4 cxd4 12. Nxd4 Bd6 13. h3 Rd8 14. a3 Qb8 15.
Nb3 Ne5 16. Bg5 Nxd3 17. Rxd3 Bh2+ 18. Kh1 Rxd3 19. Qxd3 Be5 20. Nc5 O-O 21.
Nxb7 Qxb7 22. Re1 Bxc3 23. bxc3 Nd7 24. e5 Nb6 25. Qg3 Kh8 26. Rd1 Nd5 27. f4
Rc8 28. Rd3 Qc6 29. Qf3 Qc7 30. Qg3 Qc5 31. Qh4 Qxa3 32. Rg3 Qc1+ 33. Kh2 Ne3
0-1

[Event "13. Lichtenberger Sommer"]
[Site "?"]
[Date "2014.08.17"]
[Round "2.15"]
[White "Petersen, Soren Boeck"]
[Black "Jaeger, Andre"]
[Result "1/2-1/2"]
[WhiteElo "2256"]
[BlackElo "1977"]
[PlyCount "89"]
[EventDate "2014.??.??"]
[WhiteTeam "Damhus Skakklub"]
[BlackTeam "SC Rochade e.V."]

1. e4 c5 2. c3 Nf6 3. e5 Nd5 4. Nf3 e6 5. d4 cxd4 6. cxd4 b6 7. Nc3 Nxc3 8.
bxc3 Bb7 9. Bd3 Nc6 10. O-O Be7 11. Re1 Na5 12. c4 Rc8 13. d5 exd5 14. cxd5
Bxd5 15. Nd4 Be6 16. Nf5 Bxf5 17. Bxf5 Nc4 18. Qg4 g6 19. Bd3 h5 20. Qd4 Bc5
21. Qf4 b5 22. a4 Qa5 23. Rd1 Be7 24. Bd2 Nxd2 25. axb5 Qc3 26. Qxd2 Qxd2 27.
Rxd2 Rc7 28. Rc2 Rxc2 29. Bxc2 Bc5 30. Rc1 Ba3 31. Rd1 Ke7 32. Kf1 Rc8 33. Bd3
Rc1 34. Ke2 Rxd1 35. Kxd1 Bc5 36. Ke2 g5 37. h4 gxh4 38. f4 d6 39. exd6+ Bxd6
40. Kf3 Kf6 41. Ke4 Bc5 42. Be2 Bf2 43. Bxh5 Bg3 44. Be2 Be1 45. Bc4 1/2-1/2

[Event "13. Lichtenberger Sommer"]
[Site "?"]
[Date "2014.08.17"]
[Round "2.16"]
[White "Sappok, Marius"]
[Black "Rietze, Clemens"]
[Result "0-1"]
[WhiteElo "2003"]
[BlackElo "2274"]
[PlyCount "78"]
[EventDate "2014.??.??"]
[WhiteTeam "SC Zugzwang 95 e.V."]
[BlackTeam "USV Potsdam e.V., Abt. Schach"]

1. e4 e5 2. Nf3 Nc6 3. Bb5 a6 4. Ba4 Nf6 5. d3 b5 6. Bb3 Be7 7. O-O d6 8. a4
Bd7 9. c3 Na5 10. Bc2 c5 11. Nbd2 O-O 12. Re1 Re8 13. Nf1 h6 14. Ng3 Bf8 15. h3
Qc7 16. Nh2 d5 17. Qf3 Qc6 18. Ng4 Nxg4 19. hxg4 Be6 20. axb5 axb5 21. g5 hxg5
22. Bxg5 d4 23. c4 Qc8 24. Nf5 bxc4 25. Ba4 Bd7 26. dxc4 Nxc4 27. Bb3 Rxa1 28.
Rxa1 Bxf5 29. Bxc4 Be6 30. Bb5 Bg4 31. Qg3 Bd7 32. Bc4 Qc6 33. Qf3 Be6 34. Ra6
Qd7 35. Qb3 Bxc4 36. Qxc4 Qg4 37. Bc1 Qxe4 38. Ra7 Re6 39. Ra6 Qe1+ 0-1

[Event "13. Lichtenberger Sommer"]
[Site "?"]
[Date "2014.08.17"]
[Round "2.17"]
[White "Siebarth, Raiko"]
[Black "Hörmann, David"]
[Result "1-0"]
[WhiteElo "2252"]
[BlackElo "1983"]
[PlyCount "123"]
[EventDate "2014.??.??"]
[WhiteTeam "SG Blau-Weiß Stadtilm"]
[BlackTeam "SC Weisse Dame e.V."]

1. e4 c5 2. Nc3 d6 3. g3 g6 4. Bg2 Bg7 5. Nge2 Nc6 6. O-O e6 7. d3 Nge7 8. Be3
Nd4 9. Rb1 Qa5 10. a3 O-O 11. b4 Qc7 12. Qd2 Bd7 13. bxc5 dxc5 14. e5 Nxe2+ 15.
Qxe2 Bc6 16. f4 b6 17. Ne4 Rfd8 18. Bf2 Rab8 19. Rfd1 Bf8 20. h4 Bxe4 21. Bxe4
Nc6 22. c3 Na5 23. a4 Rbc8 24. h5 Nc6 25. hxg6 hxg6 26. Kg2 Ne7 27. a5 Nd5 28.
axb6 axb6 29. Rbc1 Bh6 30. Qg4 Bg7 31. Qf3 Rb8 32. Rd2 Qa7 33. Qe2 Bh6 34. Ra2
Qe7 35. Qf3 Rd7 36. Be1 Qd8 37. c4 Ne7 38. Rca1 Bg7 39. g4 Rc7 40. Bh4 Qd4 41.
Bf2 Qd7 42. Rb2 Ra7 43. Rab1 Qc7 44. Rb5 Ra2 45. Kg3 g5 46. Bxc5 gxf4+ 47. Kh3
Nc8 48. Bd4 Qd8 49. Qxf4 Qc7 50. Rf1 Ra5 51. Rb2 b5 52. g5 b4 53. Qh4 Rxe5 54.
Rbf2 Nd6 55. Bxe5 Bxe5 56. Qh7+ Kf8 57. g6 Bg7 58. Rxf7+ Nxf7 59. Rxf7+ Qxf7
60. gxf7 Kxf7 61. Qg6+ Kf8 62. Qxe6 1-0

[Event "13. Lichtenberger Sommer"]
[Site "?"]
[Date "2014.08.17"]
[Round "2.18"]
[White "Reiche, Henry"]
[Black "Tonndorf, Matthias"]
[Result "0-1"]
[WhiteElo "1992"]
[BlackElo "2263"]
[PlyCount "36"]
[EventDate "2014.??.??"]
[WhiteTeam "SC Zugzwang 95 e.V."]
[BlackTeam "SV Caissa Wolfenbüttel"]

1. e4 c5 2. Nf3 e6 3. d4 cxd4 4. Nxd4 a6 5. a4 Nf6 6. Bd3 Nc6 7. Nxc6 bxc6 8.
O-O d5 9. e5 Nd7 10. f4 Nc5 11. Be2 Ne4 12. Be3 Rb8 13. Ra2 Qa5 14. Qe1 Bb4 15.
c3 Bc5 16. Bd3 Qb6 17. Bxc5 Nxc5 18. Bc2 Nd3+ 0-1

[Event "13. Lichtenberger Sommer"]
[Site "?"]
[Date "2014.08.17"]
[Round "2.19"]
[White "Lerch, Philipp"]
[Black "Schmidt, David"]
[Result "1-0"]
[WhiteElo "2241"]
[BlackElo "1981"]
[PlyCount "93"]
[EventDate "2014.??.??"]
[WhiteTeam "SK König Tegel 1949 e.V."]
[BlackTeam "Doppelbauer Woltersdorf"]

1. c4 Nf6 2. g3 g6 3. Bg2 c5 4. Nf3 Bg7 5. d4 cxd4 6. Nxd4 O-O 7. O-O Nc6 8.
Nc3 Qa5 9. Nb3 Qh5 10. e4 d6 11. Qxh5 Nxh5 12. c5 dxc5 13. Nxc5 b6 14. e5 bxc5
15. Bxc6 Rb8 16. f4 Rd8 17. Bf3 Bf8 18. Be3 Ba6 19. Rfd1 e6 20. Rxd8 Rxd8 21.
Bxh5 gxh5 22. Rd1 Rxd1+ 23. Nxd1 Bb7 24. Nc3 a6 25. Kf1 Kg7 26. Na4 Bd5 27.
Bxc5 Bxa2 28. Bxf8+ Kxf8 29. Nc5 Bc4+ 30. Kf2 Kg7 31. Ne4 Kg6 32. h4 Bd5 33.
Nf6 Bc6 34. Ke3 a5 35. Kd4 a4 36. Kc5 Bf3 37. Kd6 Be2 38. Ke7 Bc4 39. Ne4 Bd5
40. Nd6 Bb3 41. Nxf7 Kf5 42. Nd6+ Kg4 43. Ne4 Kh3 44. Nc5 Kxg3 45. Nxb3 axb3
46. Kxe6 Kxh4 47. f5 1-0

[Event "13. Lichtenberger Sommer"]
[Site "?"]
[Date "2014.08.17"]
[Round "2.20"]
[White "Schneider, Christian"]
[Black "Wierzbicki, Jirawat"]
[Result "1/2-1/2"]
[WhiteElo "2211"]
[BlackElo "1924"]
[PlyCount "97"]
[EventDate "2014.??.??"]
[WhiteTeam "SG Blau-Weiß Stadtilm"]
[BlackTeam "SK König Tegel 1949 e.V."]

1. c4 e5 2. g3 Nf6 3. Bg2 d5 4. cxd5 Nxd5 5. Nc3 Nb6 6. Nf3 Nc6 7. d3 Be7 8.
O-O O-O 9. a3 Be6 10. b4 f6 11. Bb2 a5 12. b5 Nd4 13. Nxd4 exd4 14. Na4 Bd5 15.
Nxb6 cxb6 16. Bxd5+ Qxd5 17. Qa4 Bc5 18. Qc4 Rad8 19. Rfc1 Rfe8 20. Kf1 Kh8 21.
Qxd5 Rxd5 22. Rc4 Kg8 23. a4 Kf7 24. Ba3 Re6 25. Bb2 Ke8 26. Rac1 Kd7 27. R1c2
g5 28. g4 Kd6 29. e4 dxe3 30. d4 Bb4 31. Rc8 Re7 32. fxe3 Rxe3 33. Rd8+ Ke6 34.
Re8+ Be7 35. Kf2 Re4 36. Ba3 Kf7 37. Rxe7+ Rxe7 38. Bxe7 Kxe7 39. Rc7+ Rd7 40.
Rxd7+ Kxd7 41. Ke3 Kd6 42. Ke4 Ke6 43. d5+ Kd6 44. Kd4 Kd7 45. Kd3 Ke7 46. Ke4
Kd6 47. Kd4 Kd7 48. Ke4 Kd6 49. Kd4 1/2-1/2

[Event "13. Lichtenberger Sommer"]
[Site "?"]
[Date "2014.08.17"]
[Round "2.21"]
[White "Keusch, Horst"]
[Black "Sieglen, Joachim"]
[Result "0-1"]
[WhiteElo "2021"]
[BlackElo "2261"]
[PlyCount "118"]
[EventDate "2014.??.??"]
[WhiteTeam "SC Friesen Lichtenberg e.V."]
[BlackTeam "SC Untergrombach 46"]

1. f4 d5 2. Nf3 g6 3. e3 Bg7 4. Be2 Nf6 5. O-O O-O 6. d3 c5 7. Qe1 b6 8. Qh4
Nc6 9. Nbd2 Ba6 10. Ng5 h6 11. Ngf3 Ne8 12. Qg3 Nd6 13. Qh3 Qc8 14. g4 Nb4 15.
Bd1 c4 16. dxc4 Nxc4 17. Nxc4 Bxc4 18. Rf2 Nxa2 19. c3 Nxc1 20. Rxc1 Qe6 21.
Nd4 Qd7 22. Bc2 e5 23. fxe5 Qe7 24. e6 fxe6 25. Nf3 g5 26. Qh5 Qf7 27. Bg6 Qc7
28. Kg2 Rf6 29. Rd1 Raf8 30. Rdd2 Qc5 31. Nd4 Rxf2+ 32. Rxf2 Rxf2+ 33. Kxf2
Qf8+ 34. Nf3 Qf6 35. Bc2 Bb5 36. Qg6 Qxg6 37. Bxg6 Bf6 38. Nd4 Bd7 39. h3 Kf8
40. Bd3 Ke7 41. Ne2 a5 42. Nd4 Kd6 43. Kf3 a4 44. Nc2 e5 45. Kf2 Kc5 46. e4 d4
47. c4 Be6 48. Na3 Kb4 49. Bc2 h5 50. Bd1 hxg4 51. hxg4 Be7 52. Ke1 Bxc4 53.
Nxc4 Kxc4 54. Bxa4 Kd3 55. Bc6 Ke3 56. Kd1 Kf3 57. Kd2 Kxg4 58. Kd3 Kf3 59. Ba4
Kf4 0-1

[Event "13. Lichtenberger Sommer"]
[Site "?"]
[Date "2014.08.17"]
[Round "2.22"]
[White "Reichenbach, Werner"]
[Black "Fartmann, Oliver"]
[Result "1-0"]
[WhiteElo "2258"]
[BlackElo "1927"]
[PlyCount "89"]
[EventDate "2014.??.??"]
[WhiteTeam "SK Zehlendorf e.V."]
[BlackTeam "SV Mattnetz Berlin e.V."]

1. e4 c5 2. Nf3 e6 3. d3 Nc6 4. g3 g6 5. Bg2 Bg7 6. O-O Nge7 7. c3 d5 8. Qe2
O-O 9. Na3 b6 10. Rd1 Ba6 11. e5 Qc7 12. Bf4 Rac8 13. Nc2 Rfd8 14. a3 h5 15.
Bh3 d4 16. c4 Bb7 17. Rab1 Nf5 18. Bg2 a5 19. b3 Re8 20. Re1 Nb8 21. h3 Nd7 22.
a4 Nh6 23. Na3 Ba6 24. Qd2 Kh7 25. Nb5 Bxb5 26. axb5 Rh8 27. Qe2 Rhe8 28. Ng5+
Kg8 29. Bc6 Rf8 30. Bxd7 Qxd7 31. Ne4 Qc7 32. g4 hxg4 33. hxg4 f5 34. Nd6 Rfd8
35. Bxh6 Bxh6 36. Kg2 Kg7 37. Rh1 Rh8 38. Rbg1 Bf4 39. gxf5 Rxh1 40. Rxh1 exf5
41. Kf3 Bg5 42. Qf1 Rh8 43. Qg2 Qe7 44. Rxh8 Kxh8 45. Qxg5 1-0